[Event "V4 Liptov 2017"]
[Site "?"]
[Date "2017.06.25"]
[Round "8.19"]
[White "Valigursky, Michal"]
[Black "Cipl, Jan"]
[Result "1-0"]
[BlackElo "1310"]
[WhiteElo "1713"]
[LiveChessVersion "1.4.8"]

1. e4 {[%clk 1:00:58]} c5 {[%clk 1:00:41]} 2. Nf3 {[%clk 1:01:17]} Nc6
{[%clk 1:01:01]} 3. c3 {[%clk 1:01:20]} g6 {[%clk 0:59:10]} 4. d4
{[%clk 1:01:36]} cxd4 {[%clk 0:59:09]} 5. cxd4 {[%clk 1:01:01]} Bg7
{[%clk 0:58:52]} 6. Nc3 {[%clk 0:54:57]} Nf6 {[%clk 0:57:39]} 7. e5
{[%clk 0:54:35]} Ng8 {[%clk 0:56:23]} 8. Bb5 {[%clk 0:51:43]} a6 {[%clk 0:52:27]}
9. Ba4 {[%clk 0:52:00]} b5 {[%clk 0:51:50]} 10. Bb3 {[%clk 0:52:05]} d6
{[%clk 0:51:12]} 11. Bxf7+ {[%clk 0:48:16]} Kxf7 {[%clk 0:47:24]} 12. Ng5+
{[%clk 0:48:38]} Ke8 {[%clk 0:47:39]} 13. Qf3 {[%clk 0:48:54]} Kd7
{[%clk 0:43:48]} 14. e6+ {[%clk 0:48:10]} Kc7 {[%clk 0:44:01]} 15. Nd5+
{[%clk 0:47:12]} Kb8 {[%clk 0:43:01]} 16. Nf7 {[%clk 0:46:08]} Qf8
{[%clk 0:35:38]} 17. Nb6 {[%clk 0:46:14]} Bxe6 {[%clk 0:30:25]} 18. Qxc6
{[%clk 0:44:48]} Ra7 {[%clk 0:30:22]} 19. Nxh8 {[%clk 0:43:03]} Bxd4
{[%clk 0:22:46]} 20. O-O {[%clk 0:42:40]} Nf6 {[%clk 0:20:16]} 21. a4
{[%clk 0:39:16]} Rb7 {[%clk 0:19:34]} 22. a5 {[%clk 0:33:53]} Qxh8
{[%clk 0:18:09]} 23. Re1 {[%clk 0:32:36]} Qg8 {[%clk 0:16:45]} 24. Ra3
{[%clk 0:30:32]} Ng4 {[%clk 0:15:21]} 25. Rf3 {[%clk 0:19:12]} Ne5
{[%clk 0:15:05]} 26. Rxe5 {[%clk 0:18:28]} Bxe5 {[%clk 0:15:21]} 27. Bh6
{[%clk 0:17:49]} Bf6 {[%clk 0:11:15]} 28. h4 {[%clk 0:15:07]} Qd8
{[%clk 0:09:10]} 29. b4 {[%clk 0:13:25]} Bd7 {[%clk 0:08:24]} 30. Nxd7+
{[%clk 0:12:18]} Qxd7 {[%clk 0:08:36]} 31. Qxa6 {[%clk 0:11:55]} Bd4
{[%clk 0:07:11]} 32. Rf8+ {[%clk 0:08:32]} Kc7 {[%clk 0:06:55]} 33. Qa8
{[%clk 0:08:41]} Qe6 {[%clk 0:04:06]} 34. Bd2 {[%clk 0:04:48]} Qg4
{[%clk 0:03:25]} 35. Be1 {[%clk 0:04:10]} Kc6 {[%clk 0:02:01]} 36. Rc8+
{[%clk 0:03:58]} 1-0

[Event "V4 Liptov 2017"]
[Site "?"]
[Date "2017.06.25"]
[Round "8.21"]
[White "Brnusak, Andrej"]
[Black "Sivcak, Matej"]
[Result "1-0"]
[BlackElo "1743"]
[WhiteElo "1881"]
[LiveChessVersion "1.4.8"]

1. e4 {[%clk 1:00:58]} e5 {[%clk 1:00:51]} 2. Nf3 {[%clk 1:01:20]} d6
{[%clk 1:01:08]} 3. d4 {[%clk 1:01:37]} Nd7 {[%clk 1:01:32]} 4. Bc4
{[%clk 1:01:44]} c6 {[%clk 1:01:38]} 5. a4 {[%clk 1:01:16]} Be7 {[%clk 1:01:35]}
6. Nc3 {[%clk 1:01:10]} Ngf6 {[%clk 1:01:49]} 7. O-O {[%clk 1:01:05]} O-O
{[%clk 1:01:51]} 8. h3 {[%clk 1:00:46]} Qc7 {[%clk 0:59:24]} 9. Re1
{[%clk 1:00:17]} Nb6 {[%clk 0:57:41]} 10. Ba2 {[%clk 0:59:19]} h6
{[%clk 0:49:57]} 11. Qd3 {[%clk 0:46:23]} a5 {[%clk 0:38:50]} 12. Nh4
{[%clk 0:40:29]} Kh8 {[%clk 0:34:40]} 13. dxe5 {[%clk 0:37:19]} dxe5
{[%clk 0:34:14]} 14. Qf3 {[%clk 0:35:02]} Nh7 {[%clk 0:25:48]} 15. Qg3
{[%clk 0:27:50]} Bf6 {[%clk 0:18:17]} 16. Be3 {[%clk 0:24:26]} Bd7
{[%clk 0:15:47]} 17. Bc5 {[%clk 0:23:14]} Bxh4 {[%clk 0:09:46]} 18. Qxh4
{[%clk 0:23:00]} Rfc8 {[%clk 0:08:31]} 19. Bxf7 {[%clk 0:21:40]} Ng5
{[%clk 0:03:49]} 20. Bb3 {[%clk 0:19:41]} Be6 {[%clk 0:02:03]} 21. Bxe6
{[%clk 0:17:39]} Nxe6 {[%clk 0:02:26]} 22. Be3 {[%clk 0:16:56]} Kh7
{[%clk 0:01:25]} 23. Rad1 {[%clk 0:15:24]} Nc4 {[%clk 0:01:09]} 24. b3
{[%clk 0:13:38]} Nxe3 {[%clk 0:00:58]} 25. Rxe3 {[%clk 0:14:00]} Nd4
{[%clk 0:00:52]} 26. Rd2 {[%clk 0:13:46]} Rf8 {[%clk 0:00:54]} 27. Ne2
{[%clk 0:11:43]} Nxe2+ {[%clk 0:00:38]} 28. Rexe2 {[%clk 0:11:17]} Rf4
{[%clk 0:00:35]} 29. Qg3 {[%clk 0:10:52]} Rd8 {[%clk 0:00:42]} 30. Qc3
{[%clk 0:10:10]} Rdf8 {[%clk 0:00:35]} 31. f3 {[%clk 0:07:52]} R8f7
{[%clk 0:00:42]} 32. Rd3 {[%clk 0:07:40]} b6 {[%clk 0:00:43]} 33. Red2
{[%clk 0:07:32]} R4f6 {[%clk 0:00:52]} 34. Rd1 {[%clk 0:06:55]} g5
{[%clk 0:00:35]} 35. Qd2 {[%clk 0:06:09]} Rg6 {[%clk 0:00:35]} 36. Rd6
{[%clk 0:05:11]} Rxd6 {[%clk 0:00:33]} 37. Qxd6 {[%clk 0:05:35]} Kg7
{[%clk 0:00:38]} 38. Qxc7 {[%clk 0:05:17]} Rxc7 {[%clk 0:01:06]} 39. Rd6
{[%clk 0:05:33]} b5 {[%clk 0:00:46]} 40. Re6 {[%clk 0:05:21]} Rd7
{[%clk 0:00:32]} 1-0

[Event "V4 Liptov 2017"]
[Site "?"]
[Date "2017.06.25"]
[Round "8.22"]
[White "Sulkowski, Dawid"]
[Black "Holly, Andrej"]
[Result "1/2-1/2"]
[BlackElo "1817"]
[WhiteElo "1466"]
[LiveChessVersion "1.4.8"]

1. e4 {[%clk 1:00:57]} c5 {[%clk 1:01:00]} 2. Nf3 {[%clk 1:01:22]} Nc6
{[%clk 1:01:24]} 3. d4 {[%clk 1:01:46]} cxd4 {[%clk 1:01:52]} 4. Nxd4
{[%clk 1:02:12]} g6 {[%clk 1:02:19]} 5. Nc3 {[%clk 1:02:25]} Bg7 {[%clk 1:02:47]}
6. Be3 {[%clk 1:02:39]} Nf6 {[%clk 1:02:53]} 7. Bc4 {[%clk 1:00:41]} O-O
{[%clk 1:02:31]} 8. O-O {[%clk 0:57:04]} d6 {[%clk 1:02:01]} 9. Nxc6
{[%clk 0:55:51]} bxc6 {[%clk 1:02:24]} 10. f3 {[%clk 0:54:55]} Qa5
{[%clk 1:00:17]} 11. Kh1 {[%clk 0:52:20]} Rb8 {[%clk 0:57:29]} 12. Rb1
{[%clk 0:50:58]} Nd7 {[%clk 0:54:56]} 13. Bd4 {[%clk 0:47:30]} Ne5
{[%clk 0:53:36]} 14. Bb3 {[%clk 0:47:29]} Ba6 {[%clk 0:51:20]} 15. Re1
{[%clk 0:47:17]} c5 {[%clk 0:51:46]} 16. Be3 {[%clk 0:38:12]} Nc6
{[%clk 0:43:45]} 17. Bd5 {[%clk 0:35:33]} Nb4 {[%clk 0:37:58]} 18. a3
{[%clk 0:33:13]} Nxd5 {[%clk 0:33:00]} 19. Nxd5 {[%clk 0:33:27]} Rxb2
{[%clk 0:30:44]} 20. Nxe7+ {[%clk 0:31:03]} Kh8 {[%clk 0:31:13]} 21. Qxd6
{[%clk 0:29:08]} Rd8 {[%clk 0:23:54]} 22. Qxc5 {[%clk 0:25:42]} Qxc5
{[%clk 0:23:43]} 23. Bxc5 {[%clk 0:26:09]} Rxc2 {[%clk 0:23:25]} 24. Bxa7
{[%clk 0:19:52]} Bf8 {[%clk 0:22:28]} 25. Nd5 {[%clk 0:19:49]} Bc4
{[%clk 0:21:07]} 26. Ne3 {[%clk 0:14:45]} Rc3 {[%clk 0:20:54]} 27. Nxc4
{[%clk 0:14:31]} Rxc4 {[%clk 0:21:20]} 28. Ra1 {[%clk 0:13:05]} Ra4
{[%clk 0:21:29]} 29. Be3 {[%clk 0:13:01]} Rxa3 {[%clk 0:21:36]} 30. Rxa3
{[%clk 0:12:57]} Bxa3 {[%clk 0:21:58]} 31. Bg5 {[%clk 0:12:52]} Rb8
{[%clk 0:21:18]} 32. Bf6+ {[%clk 0:11:14]} Kg8 {[%clk 0:21:45]} 33. Be5
{[%clk 0:10:57]} Rc8 {[%clk 0:21:26]} 34. Bf4 {[%clk 0:10:25]} Bb2
{[%clk 0:20:32]} 35. Rb1 {[%clk 0:09:51]} 1/2-1/2

[Event "V4 Liptov 2017"]
[Site "?"]
[Date "2017.06.25"]
[Round "8.23"]
[White "Brnusak, Tomas"]
[Black "Niczyporuk, Jakub"]
[Result "1-0"]
[BlackElo "1396"]
[WhiteElo "1796"]
[LiveChessVersion "1.4.8"]

1. d4 {[%clk 1:00:49]} d5 {[%clk 1:00:38]} 2. c4 {[%clk 1:00:42]} c6
{[%clk 1:00:52]} 3. cxd5 {[%clk 1:00:02]} cxd5 {[%clk 1:01:18]} 4. Nc3
{[%clk 1:00:02]} Nc6 {[%clk 1:01:35]} 5. Nf3 {[%clk 0:59:46]} Nf6
{[%clk 1:02:01]} 6. Bf4 {[%clk 0:59:32]} Bf5 {[%clk 1:01:25]} 7. e3
{[%clk 0:59:06]} a6 {[%clk 1:00:36]} 8. Ne5 {[%clk 0:57:36]} e6 {[%clk 1:00:38]}
9. Qb3 {[%clk 0:56:41]} Bb4 {[%clk 0:58:33]} 10. Nxc6 {[%clk 0:56:42]} Bxc3+
{[%clk 0:58:46]} 11. Qxc3 {[%clk 0:57:04]} bxc6 {[%clk 0:58:21]} 12. Qxc6+
{[%clk 0:56:43]} Nd7 {[%clk 0:58:06]} 13. Bc7 {[%clk 0:55:14]} Qc8
{[%clk 0:57:57]} 14. Rc1 {[%clk 0:54:07]} O-O {[%clk 0:57:33]} 15. Be2
{[%clk 0:53:37]} Nf6 {[%clk 0:56:36]} 16. O-O {[%clk 0:52:53]} Qe8
{[%clk 0:55:09]} 17. Bxa6 {[%clk 0:47:41]} Qxc6 {[%clk 0:54:01]} 18. Rxc6
{[%clk 0:48:01]} Nd7 {[%clk 0:53:13]} 19. b4 {[%clk 0:47:04]} Nb8
{[%clk 0:53:34]} 20. Bxb8 {[%clk 0:47:22]} Rfxb8 {[%clk 0:53:40]} 21. b5
{[%clk 0:47:10]} Bd3 {[%clk 0:53:53]} 22. Rfc1 {[%clk 0:46:41]} Kf8
{[%clk 0:54:08]} 23. R1c5 {[%clk 0:45:24]} Bc4 {[%clk 0:53:33]} 24. a4
{[%clk 0:45:39]} Bb3 {[%clk 0:53:59]} 25. a5 {[%clk 0:46:01]} Bc4
{[%clk 0:54:26]} 26. Rb6 {[%clk 0:46:08]} Rxb6 {[%clk 0:53:58]} 27. axb6
{[%clk 0:46:31]} 1-0

[Event "V4 Liptov 2017"]
[Site "?"]
[Date "2017.06.25"]
[Round "8.24"]
[White "Bobrova, Katarina"]
[Black "Korenova, Simona"]
[Result "1-0"]
[BlackElo "1701"]
[WhiteElo "1407"]
[LiveChessVersion "1.4.8"]

1. Nf3 {[%clk 1:00:56]} Nf6 {[%clk 1:00:50]} 2. d4 {[%clk 1:01:01]} d5
{[%clk 1:00:53]} 3. Bf4 {[%clk 1:00:14]} e6 {[%clk 1:00:54]} 4. e3
{[%clk 1:00:04]} c5 {[%clk 1:00:21]} 5. c4 {[%clk 0:59:31]} Nc6 {[%clk 0:59:38]}
6. Be2 {[%clk 0:58:58]} Be7 {[%clk 0:57:19]} 7. O-O {[%clk 0:58:49]} O-O
{[%clk 0:57:22]} 8. Nc3 {[%clk 0:56:43]} a6 {[%clk 0:54:53]} 9. Rc1
{[%clk 0:55:58]} dxc4 {[%clk 0:54:03]} 10. Bxc4 {[%clk 0:55:45]} b5
{[%clk 0:53:48]} 11. Bb3 {[%clk 0:55:38]} Bb7 {[%clk 0:50:55]} 12. dxc5
{[%clk 0:54:55]} Bxc5 {[%clk 0:50:35]} 13. Nxb5 Bxe3 {[%clk 0:46:20]} 14. Bxe3
{[%clk 0:51:31]} axb5 {[%clk 0:46:35]} 15. Qe2 {[%clk 0:50:03]} Na5
{[%clk 0:42:17]} 16. Rfd1 {[%clk 0:48:10]} Bxf3 {[%clk 0:41:35]} 17. Qxf3
{[%clk 0:47:48]} Qb8 {[%clk 0:40:01]} 18. Bc2 {[%clk 0:45:57]} Nc4
{[%clk 0:38:51]} 19. Bd4 {[%clk 0:43:22]} e5 {[%clk 0:35:07]} 20. Bc5
{[%clk 0:41:37]} Rc8 {[%clk 0:31:55]} 21. Be7 {[%clk 0:38:23]} Nxb2
{[%clk 0:27:02]} 22. Re1 {[%clk 0:38:04]} Ra6 {[%clk 0:21:38]} 23. Qh3
{[%clk 0:34:03]} g6 {[%clk 0:14:02]} 24. Bxf6 {[%clk 0:34:04]} Rxf6
{[%clk 0:13:31]} 25. Bxg6 {[%clk 0:32:36]} Rxc1 {[%clk 0:13:01]} 26. Bxh7+
{[%clk 0:32:50]} Kg7 {[%clk 0:12:18]} 27. Rxc1 {[%clk 0:28:46]} Rh6
{[%clk 0:11:44]} 28. Qg4+ {[%clk 0:28:03]} Kxh7 {[%clk 0:11:31]} 29. Rc8
{[%clk 0:27:48]} Rc6 {[%clk 0:05:05]} 30. Qg8+ {[%clk 0:27:30]} Kh6
{[%clk 0:05:29]} 31. Rxc6+ {[%clk 0:27:43]} 1-0